000 00990nam0a22002651 4500
001 rc\716713
005 20250621224315.0
010 _a5-7027-0284-0
_910000
035 _a(NLR Aleph) 005960112
090 _a6842525
_c6842525
100 _a20031121d1997 |||y0rusy50 ca
101 0 _arus
102 _aRU
105 _aa |||||||||
200 1 _aПамятные записки рабочего, коммуниста-большевика, профсоюзного, партийного и советско-государственного работника
_fЛ.М. Каганович
210 _aМ.
_cВагриус
_d1997
215 _a527 с., [24] л. ил., портр., факс.
_d22
225 1 _aМой 20 век
300 _aНа обл. только загл. сер.
700 1 _aКоганович
_bЛ.М.
_f1893-1991
_gЛазарь Моисеевич
801 0 _aRU
_bNLR
_gpsbo
801 1 _aRU
_bELAR
_2rusmarc
852 _aNLR
_j97-5/2977
942 _cBOOK
980 _aNB